[Event "Santo Domingo op 08"]
[Site "Santo Domingo"]
[Date "2019.08.13"]
[Round "3"]
[White "Beltre Diaz, Omir Olanex"]
[Black "Mesa Cruz, Juan Carlos"]
[Result "0-1"]
[WhiteElo "1859"]
[BlackElo "1869"]
[PlyCount "96"]
[EventDate "2019.08.12"]
[EventType "swiss"]
[EventRounds "8"]
[EventCountry "DOM"]
[SourceTitle "EXT 2020"]
[Source "ChessBase"]
[SourceDate "2019.10.17"]
[SourceVersion "1"]
[SourceVersionDate "2019.10.17"]
[SourceQuality "1"]

1. d4 Nf6 2. Bf4 e6 3. e3 Be7 4. Nd2 d5 5. Bd3 c5 6. c3 Nc6 7. h3 Bd6 8. Bxd6 Qxd6 9. f4 Bd7 10. Ngf3 cxd4 11. cxd4 Nb4 12. Bb1 Bb5 13. Qb3 Rc8 14. Kf2 Ba6 15. a3 Nc6 16. Bd3 0-0 17. Bxa6 bxa6 18. Qa4 Ne7 19. Rhc1 Qb6 20. b4 Nf5 21. Rc5 Nd6 22. Kg1 Nfe4 23. Nxe4 Nxe4 24. Rc2 Rc3 25. Rxc3 Nxc3 26. Qd7 a5 27. Ne5 axb4 28. axb4 Qxb4 29. Qxa7 Nb5 30. Qa5 Qb2 31. Qa2 Qc3 32. Kf2 f6 33. Nd7 Rd8 34. Nc5 Nxd4 35. Na4 Qc2+ 36. Qxc2 Nxc2 37. Rc1 Nb4 38. Rc7 d4 39. exd4 Rxd4 40. Ke3 e5 41. fxe5 fxe5 42. Nc3 h6 43. Ne2 Nd5+ 44. Kf2 Nxc7 45. Nxd4 exd4 46. Ke2 Kf7 47. Kd3 Nb5 48. Kc4 Ke6 0-1

[Event "Santo Domingo Independencia op 8th"]
[Site "Santo Domingo"]
[Date "2019.02.16"]
[Round "2"]
[White "Polanco Nunez, Yoel Estarling"]
[Black "Beltre Diaz, Omir Olanex"]
[Result "1-0"]
[WhiteElo "2238"]
[BlackElo "1796"]
[PlyCount "91"]
[EventDate "2019.02.15"]
[EventType "swiss"]
[EventRounds "8"]
[EventCountry "DOM"]
[SourceTitle "CBM 189 Extra"]
[Source "ChessBase"]
[SourceDate "2019.06.03"]
[SourceVersion "1"]
[SourceVersionDate "2019.06.03"]
[SourceQuality "1"]

1. d4 d5 2. c4 e6 3. Nc3 Nf6 4. Nf3 Be7 5. Bg5 0-0 6. e3 h6 7. Bh4 b6 8. Rc1 Ba6 9. Qb3 dxc4 10. Bxc4 Bxc4 11. Qxc4 c5 12. dxc5 Bxc5 13. 0-0 Nbd7 14. Rfd1 Qc7 15. Bg3 Qb7 16. b4 Be7 17. Nd4 Rac8 18. Qb3 Rfe8 19. f3 Nd5 20. Nf5 N7f6 21. Nxe7+ Rxe7 22. Nb5 Rxc1 23. Rxc1 Qd7 24. Nd4 Re8 25. e4 Nf4 26. Bxf4 Qxd4+ 27. Be3 Qd7 28. Rd1 Qc7 29. Qd3 Rc8 30. Qa6 Qc3 31. Kf2 Qb2+ 32. Rd2 Rc2 33. Qc8+ Rxc8 34. Rxb2 Kf8 35. a4 Nd7 36. f4 Ke7 37. a5 bxa5 38. bxa5 a6 39. Rb7 f5 40. Ra7 Rc6 41. exf5 exf5 42. Bb6 Kd6 43. Rxa6 Nxb6 44. Rxb6 Kd7 45. h4 Rc3 46. a6 1-0